| LEADER 01174nam 2200277 a 4500 |
| 001 12334103081 |
| 003 ULIB |
| 008 030417s2550 th a sb 001 0 tha |
| 020 ^a9789747291322
|
| 060 4 ^aWO192^bก817ค 2550
|
| 100 ^aเกษียร ภังคานนท์
|
| 245 ^aคู่มือผ่าตัดเล็ก /^cเกษียร ภังคานนท์
|
| 250 ^aพิมพ์ครั้งที่ 15
|
| 260 ^aกรุงเทพฯ :^bหมอชาวบ้าน,^c2550
|
| 300 ^a448 หน้า :^bภาพประกอบ
|
| 650 7 ^aศัลยกรรมเล็ก^vคู่มือ
|
| 650 7 ^aศัลยกรรม^vคู่มือ
|
| 650 7 ^aศัลยกรรมน้อย^vคู่มือ
|
| 700 0 ^aประเวศ วะสี,^eบรรณาธิการ
|
| 913 ^aImported by ULIBM Administrator
|
| 949 ^aImport form external file by ULIBM system
|
| 999 ^aอรทัย
|